| 000 | 01016nam a2200265 a 4500 | ||
|---|---|---|---|
| 003 | BLK | ||
| 005 | 20250104121812.0 | ||
| 008 | 200123b bu |||||r|||| 00| 0 bu d | ||
| 020 | _a9786192405830 | ||
| 020 | _a978-619-240-583-0 | ||
| 040 | _aBLK | ||
| 041 |
_aBUL _cBUL |
||
| 080 |
_aИздания за деца и юноши. Книжки-картинки. Читанки. Вж и 372.4 _b087.5 _z087.5 |
||
| 084 | _aК 78 | ||
| 245 |
_aКоледа _bповдигни капачето и научи думата |
||
| 260 |
_9209558 _aСофия _bПАН _c[2022] _f(Китай) _n978-954-660- ; 978-954-657- |
||
| 300 |
_a10 с. _bс цв. ил. _c20 см |
||
| 380 | _aDN | ||
| 490 |
_9495801 _aВиж под капачето! |
||
| 500 | _aКор. опис. - Кн. отпеч. на ламиниран картон. | ||
| 653 |
_9188751 _aкнижки-играчки |
||
| 852 |
_aЦб 325175 _bЦб |
||
| 942 |
_cKNG _n0 _s1 _07 |
||
| 944 |
_cНора Радева _k30540 _lСевдалина Тодорова |
||
| 999 |
_c498786 _d498786 |
||